[Event "Titled Tuesday intern op 03rd Jan Late"]
[Site "Chess.com INT"]
[Date "2025.06.03"]
[Round "1"]
[White "Khenkin, Igor"]
[Black "Abel Mathewos, Tilahun"]
[Result "1-0"]
[WhiteElo "2499"]
[BlackElo "1944"]
[PlyCount "25"]
[EventDate "2025.06.03"]
[EventType "swiss (blitz)"]
[EventRounds "11"]
[EventCountry "USA"]
[SourceTitle "CB24_2025"]
[SourceDate "2025.06.11"]
[SourceVersion "1"]
[SourceVersionDate "2025.06.11"]
[SourceQuality "1"]

1. Nf3 Nf6 2. g3 g6 3. Bg2 Bg7 4. 0-0 0-0 5. d4 d6 6. Re1 c5 7. dxc5 dxc5 8. c3 Nc6 9. Qxd8 Rxd8 10. Be3 Nd7 11. Nfd2 b6 12. Bxc6 Rb8 13. a4 1-0

[Event "Titled Tuesday intern op 01st Apr Late"]
[Site "Chess.com INT"]
[Date "2025.04.01"]
[Round "2"]
[White "Khenkin, Igor"]
[Black "Andriamasoandro, Miora Ismael"]
[Result "1-0"]
[WhiteElo "2498"]
[BlackElo "2107"]
[PlyCount "85"]
[EventDate "2025.04.01"]
[EventType "swiss (blitz)"]
[EventRounds "11"]
[EventCountry "USA"]
[SourceTitle "CB21_2025"]
[SourceDate "2025.05.21"]
[SourceVersion "1"]
[SourceVersionDate "2025.05.21"]
[SourceQuality "1"]

1. Nf3 Nf6 2. g3 d5 3. Bg2 Nbd7 4. d4 e6 5. 0-0 Be7 6. c4 0-0 7. Nc3 c6 8. Nd2 Re8 9. e4 dxe4 10. Ndxe4 Nxe4 11. Nxe4 b6 12. Qc2 Bb7 13. c5 Nf6 14. Rd1 Nd5 15. a3 bxc5 16. Nxc5 Bxc5 17. dxc5 Ba6 18. b4 Qf6 19. Bb2 Qg6 20. Be4 Qh6 21. Rd4 f5 22. Bg2 Qg6 23. Rad1 Rab8 24. Re1 Bc8 25. Qe2 Bd7 26. Bf3 Qf7 27. Rdd1 a5 28. Be5 Ra8 29. Bh5 g6 30. Bf3 axb4 31. axb4 Ra4 32. b5 cxb5 33. Bb2 Bc6 34. Qe5 Kf8 35. Qh8+ Ke7 36. Qe5 Ra6 37. Bxd5 Bxd5 38. Rxd5 Kf8 39. Rd6 Ra2 40. Qh8+ Ke7 41. Qe5 Kf8 42. c6 b4 43. Rd7 1-0

[Event "Titled Tuesday intern op 01st Apr Late"]
[Site "Chess.com INT"]
[Date "2025.04.01"]
[Round "3"]
[White "Khenkin, Igor"]
[Black "Pakleza, Zbigniew"]
[Result "0-1"]
[WhiteElo "2498"]
[BlackElo "2484"]
[PlyCount "78"]
[EventDate "2025.04.01"]
[EventType "swiss (blitz)"]
[EventRounds "11"]
[EventCountry "USA"]
[SourceTitle "CB15_2025"]
[SourceDate "2025.04.09"]
[SourceVersion "1"]
[SourceVersionDate "2025.04.09"]
[SourceQuality "1"]

1. Nf3 d5 2. g3 Nf6 3. Bg2 Bf5 4. d3 e6 5. Nh4 Bg4 6. h3 Bh5 7. g4 Nfd7 8. Nf5 Bg6 9. Ng3 Bd6 10. e3 c6 11. f4 Qc7 12. 0-0 f6 13. Nc3 Na6 14. Qf3 0-0 15. Nce2 Nb4 16. Nd4 Bf7 17. a3 Na6 18. Bd2 b5 19. Rae1 Rab8 20. Kh1 c5 21. Nde2 Nb6 22. Bc1 b4 23. axb4 Nxb4 24. e4 Nxc2 25. Rd1 a5 26. f5 e5 27. g5 fxg5 28. Bxg5 Nd4 29. Nxd4 exd4 30. Nh5 Nd7 31. exd5 Rxb2 32. Rg1 Ne5 33. Qe4 Bxh5 34. Bh6 Rxg2 35. Rxg2 Bf3 36. Qxf3 Nxf3 37. Bxg7 Qxg7 38. Rxg7+ Kxg7 39. Ra1 Ra8 0-1

[Event "Titled Tuesday intern op 01st Apr Late"]
[Site "Chess.com INT"]
[Date "2025.04.01"]
[Round "10"]
[White "Pourkashiyan, Atousa"]
[Black "Khenkin, Igor"]
[Result "0-1"]
[WhiteElo "2291"]
[BlackElo "2498"]
[PlyCount "108"]
[EventDate "2025.04.01"]
[EventType "swiss (blitz)"]
[EventRounds "11"]
[EventCountry "USA"]
[SourceTitle "CB21_2025"]
[SourceDate "2025.05.21"]
[SourceVersion "1"]
[SourceVersionDate "2025.05.21"]
[SourceQuality "1"]

1. e4 c6 2. d4 d5 3. exd5 cxd5 4. Bd3 Nc6 5. c3 Qc7 6. Ne2 e6 7. Bf4 Bd6 8. Bxd6 Qxd6 9. Nd2 Nge7 10. Nf3 0-0 11. 0-0 f6 12. c4 Nb4 13. Nc3 Nxd3 14. Qxd3 dxc4 15. Qxc4 Bd7 16. Rfe1 Rac8 17. Qb3 Qb6 18. Ne4 Qxb3 19. axb3 a6 20. Nc5 Rc7 21. Nxe6 Bxe6 22. Rxe6 Rd8 23. Rd1 Kf7 24. Re2 Rc6 25. g3 Rb6 26. Rd3 Rd5 27. h4 Rdb5 28. Nd2 Rd6 29. Nc4 Rd7 30. Ne3 Nc6 31. Red2 Nb4 32. Rc3 Na2 33. Rc8 Rxb3 34. d5 Nb4 35. d6 Rd3 36. Rxd3 Nxd3 37. Rc7 Ke6 38. Nc4 b5 39. Nb6 Rxd6 40. Rxg7 Rxb6 41. Rxh7 Nxb2 42. h5 Kf5 43. Rg7 Rb8 44. h6 a5 45. h7 Rh8 46. Rb7 b4 47. Rb5+ Ke4 48. Rxa5 Rxh7 49. Rb5 Nd3 50. Kg2 Kd4 51. Rb6 Rf7 52. Kf3 f5 53. Rb8 Kc3 54. Ke3 Re7+ 0-1

[Event "Titled Tuesday intern op 01st Apr Late"]
[Site "Chess.com INT"]
[Date "2025.04.01"]
[Round "4"]
[White "Rajanish, Adhvaith"]
[Black "Khenkin, Igor"]
[Result "0-1"]
[WhiteElo "2084"]
[BlackElo "2498"]
[PlyCount "56"]
[EventDate "2025.04.01"]
[EventType "swiss (blitz)"]
[EventRounds "11"]
[EventCountry "USA"]
[SourceTitle "CB21_2025"]
[SourceDate "2025.05.21"]
[SourceVersion "1"]
[SourceVersionDate "2025.05.21"]
[SourceQuality "1"]

1. d4 d5 2. Bf4 c5 3. e3 Nc6 4. c3 Qb6 5. Qb3 c4 6. Qc2 e5 7. dxe5 Bf5 8. Qc1 g5 9. Bg3 h5 10. h4 g4 11. Ne2 Bg7 12. Nd4 Nge7 13. Nd2 Bg6 14. e6 0-0 15. exf7+ Rxf7 16. Be2 Nxd4 17. cxd4 Nf5 18. Be5 Bxe5 19. dxe5 Re8 20. 0-0 Nxe3 21. fxe3 Qxe3+ 22. Kh1 Qxe2 23. Rxf7 Bxf7 24. Nf1 Qxe5 25. Qd2 d4 26. Rc1 Qf6 27. Qe1 Rxe1 28. Rxe1 Qf2 0-1

[Event "Oberliga Ost-B 2324"]
[Site "Germany"]
[Date "2024.04.14"]
[Round "11.2"]
[White "Khenkin, Igor"]
[Black "Galdunts, Sergey"]
[Result "1-0"]
[WhiteElo "2504"]
[BlackElo "2381"]
[PlyCount "51"]
[EventDate "2023.10.22"]
[EventType "team-tourn"]
[EventRounds "11"]
[EventCountry "GER"]
[SourceTitle "EXT 2025"]
[Source "ChessBase"]
[SourceDate "2024.10.14"]
[SourceVersion "1"]
[SourceVersionDate "2024.10.14"]
[SourceQuality "1"]
[WhiteTeam "Wiesbaden"]
[BlackTeam "Moerlenbach Birkenau"]
[WhiteTeamCountry "GER"]
[BlackTeamCountry "GER"]

1. d4 Nf6 2. c4 g6 3. Nc3 d5 4. cxd5 Nxd5 5. e4 Nxc3 6. bxc3 Bg7 7. Bc4 c5 8. Ne2 0-0 9. 0-0 Nc6 10. Be3 Qc7 11. Rc1 Rd8 12. h4 Na5 13. Bd3 e5 14. h5 Qe7 15. hxg6 hxg6 16. Qd2 c4 17. Bb1 b6 18. f4 exd4 19. Nxd4 Bb7 20. f5 Nc6 21. Qf2 Nxd4 22. cxd4 gxf5 23. e5 Bd5 24. Qg3 Kf8 25. Rxf5 Qe6 26. Rcf1 1-0

[Event "Oberliga Ost-B 2324"]
[Site "Germany"]
[Date "2024.04.13"]
[Round "10.2"]
[White "Hebbering, Tom Elliot"]
[Black "Khenkin, Igor"]
[Result "0-1"]
[WhiteElo "2210"]
[BlackElo "2504"]
[PlyCount "68"]
[EventDate "2023.10.22"]
[EventType "team-tourn"]
[EventRounds "11"]
[EventCountry "GER"]
[SourceTitle "EXT 2025"]
[Source "ChessBase"]
[SourceDate "2024.10.14"]
[SourceVersion "1"]
[SourceVersionDate "2024.10.14"]
[SourceQuality "1"]
[WhiteTeam "Gernsheim"]
[BlackTeam "Wiesbaden"]
[WhiteTeamCountry "GER"]
[BlackTeamCountry "GER"]

1. Nf3 d5 2. c4 d4 3. b4 c5 4. e3 dxe3 5. fxe3 cxb4 6. d4 Nf6 7. Bd3 g6 8. 0-0 Bg7 9. Bb2 0-0 10. Qe2 Bg4 11. Nbd2 e5 12. h3 Bxf3 13. Qxf3 exd4 14. exd4 Nh5 15. Qf2 Nc6 16. g4 Ng3 17. Rfe1 f5 18. Nb3 Qh4 19. gxf5 Qxh3 20. Qg2 Qxg2+ 21. Kxg2 Nxf5 22. Be4 Nfxd4 23. Bxd4 Nxd4 24. Nxd4 Bxd4 25. Rad1 Bc5 26. Rd7 Rae8 27. Rxb7 Kh8 28. Rh1 Rf2+ 29. Kg3 Rxe4 30. Rhxh7+ Kg8 31. Rbg7+ Kf8 32. Rc7 Bd4 33. Rcd7 Rd2 34. Rdf7+ Kg8 0-1

[Event "Oberliga Ost-B 2324"]
[Site "Germany"]
[Date "2024.03.17"]
[Round "9.2"]
[White "Khenkin, Igor"]
[Black "Kosev, Momchil"]
[Result "1/2-1/2"]
[WhiteElo "2511"]
[BlackElo "1944"]
[PlyCount "160"]
[EventDate "2023.10.22"]
[EventType "team-tourn"]
[EventRounds "11"]
[EventCountry "GER"]
[SourceTitle "EXT 2025"]
[Source "ChessBase"]
[SourceDate "2024.10.14"]
[SourceVersion "1"]
[SourceVersionDate "2024.10.14"]
[SourceQuality "1"]
[WhiteTeam "Wiesbaden"]
[BlackTeam "Erfurt SK II"]
[WhiteTeamCountry "GER"]
[BlackTeamCountry "GER"]

1. d4 d5 2. c4 e6 3. Nf3 c5 4. e3 Nf6 5. cxd5 exd5 6. Bb5+ Nbd7 7. dxc5 a6 8. Be2 Nxc5 9. 0-0 Bd6 10. b3 0-0 11. Bb2 Qe7 12. Nc3 Rd8 13. Rc1 Bf5 14. Qd4 Ne6 15. Qh4 h6 16. Na4 Nd7 17. Rfd1 Be4 18. Qxe7 Bxe7 19. Nd4 Rac8 20. Nc3 Nxd4 21. Rxd4 Bf6 22. Rdd1 Nb6 23. Nxe4 Bxb2 24. Rxc8 Rxc8 25. Nd6 Rc7 26. Nf5 Rc2 27. Bd3 Rc5 28. g4 a5 29. a4 g6 30. Nxh6+ Kg7 31. g5 d4 32. h4 dxe3 33. fxe3 Rc3 34. Bb5 Rxe3 35. Rd8 Rxb3 36. Rg8+ Kh7 37. Rf8 Rf3 38. Kg2 Rf4 39. Rxf7+ Rxf7 40. Nxf7 Nd5 41. Kf3 Bc3 42. Bc4 Ne7 43. Nd6 b6 44. Ne4 Be1 45. Nf6+ Kg7 46. h5 gxh5 47. Nxh5+ Kg6 48. Kg4 Bd2 49. Nf4+ Kg7 50. Nh5+ Kg6 51. Bd3+ Kf7 52. Nf4 Bxf4 53. Bc4+ Kg6 54. Kxf4 Nc6 55. Bd3+ Kf7 56. Bc4+ Kg6 57. Bd3+ Kf7 58. Kf5 Kg7 59. Bc4 Na7 60. Bd3 Kf7 61. Ke5 Kg7 62. Kd5 Kf7 63. Ke5 Kg7 64. Ke6 Nc6 65. Kd6 Na7 66. Ke7 Nc6+ 67. Kd6 Na7 68. Kd7 Kf7 69. Kc7 b5 70. Bxb5 Nxb5+ 71. axb5 a4 72. b6 a3 73. b7 a2 74. b8Q a1Q 75. Qb3+ Kg7 76. Qd5 Qa7+ 77. Kd6 Qb8+ 78. Kd7 Kg6 79. Qd6+ Qxd6+ 80. Kxd6 Kxg5 1/2-1/2

[Event "Oberliga Ost-B 2324"]
[Site "Germany"]
[Date "2023.12.02"]
[Round "2.2"]
[White "Nazarenus, Moritz"]
[Black "Khenkin, Igor"]
[Result "1-0"]
[WhiteElo "2242"]
[BlackElo "2510"]
[PlyCount "59"]
[EventDate "2023.10.22"]
[EventType "team-tourn"]
[EventRounds "11"]
[EventCountry "GER"]
[SourceTitle "EXT 2025"]
[Source "ChessBase"]
[SourceDate "2024.10.14"]
[SourceVersion "1"]
[SourceVersionDate "2024.10.14"]
[SourceQuality "1"]
[WhiteTeam "Schoeneck"]
[BlackTeam "Wiesbaden"]
[WhiteTeamCountry "GER"]
[BlackTeamCountry "GER"]

1. d4 Nf6 2. c4 e6 3. Nf3 d5 4. Nc3 dxc4 5. e3 a6 6. a4 b6 7. Bxc4 Bb7 8. 0-0 Bb4 9. Qe2 Nbd7 10. Bd3 Qe7 11. e4 e5 12. Bg5 0-0 13. Rac1 Rfe8 14. Bb1 exd4 15. Nxd4 Qe5 16. Nf3 Qa5 17. Qc4 b5 18. axb5 axb5 19. Qd4 c5 20. Qd1 Bxc3 21. Rxc3 b4 22. Re3 c4 23. e5 Nxe5 24. Nxe5 Rxe5 25. Bxf6 gxf6 26. Rg3+ Kh8 27. Qd4 Qd8 28. Qh4 h5 29. Qf4 Rg5 30. Rxg5 1-0

[Event "Wiesbaden op 32nd"]
[Site "Wiesbaden"]
[Date "2023.08.27"]
[Round "7"]
[White "Khenkin, Igor"]
[Black "Minor, Samuel"]
[Result "1/2-1/2"]
[WhiteElo "2508"]
[BlackElo "2185"]
[PlyCount "71"]
[EventDate "2023.08.24"]
[EventType "swiss"]
[EventRounds "7"]
[EventCountry "GER"]
[SourceTitle "CBM 216 Extra"]
[Source "ChessBase"]
[SourceDate "2023.11.30"]
[SourceVersion "1"]
[SourceVersionDate "2023.11.30"]
[SourceQuality "1"]

1. d4 Nf6 2. c4 e6 3. Nf3 b6 4. g3 Bb4+ 5. Bd2 Be7 6. Nc3 Bb7 7. Bg2 d5 8. cxd5 Nxd5 9. Nxd5 Bxd5 10. Qc2 Nd7 11. e4 Bb7 12. 0-0 0-0 13. Rad1 Nf6 14. Rfe1 c5 15. dxc5 Qc7 16. e5 Nd5 17. Ng5 Bxg5 18. Bxg5 h6 19. Be3 Nxe3 20. Rxe3 Bxg2 21. Kxg2 Rfc8 22. Qe4 bxc5 23. Red3 Rab8 24. Rd7 Qb6 25. b3 Rd8 26. R7d6 Rxd6 27. exd6 Rd8 28. Qe5 Qc6+ 29. Kg1 Rd7 30. h4 c4 31. bxc4 Qxc4 32. Rd4 Qc1+ 33. Kg2 Qc6+ 34. Kg1 Qc1+ 35. Kg2 Qc6+ 36. Kg1 1/2-1/2

[Event "Guenzburg Kortschnoi Memorial"]
[Site "Guenzburg"]
[Date "2023.06.14"]
[Round "9"]
[White "Khenkin, Igor"]
[Black "Heinemann, Josefine"]
[Result "1/2-1/2"]
[WhiteElo "2514"]
[BlackElo "2276"]
[PlyCount "67"]
[EventDate "2023.06.06"]
[EventType "tourn"]
[EventRounds "9"]
[EventCountry "GER"]
[EventCategory "8"]
[SourceTitle "CBM 214 Extra"]
[Source "ChessBase"]
[SourceDate "2023.07.31"]
[SourceVersion "1"]
[SourceVersionDate "2023.07.31"]
[SourceQuality "1"]

1. d4 Nf6 2. c4 e6 3. Nf3 d5 4. Bg5 dxc4 5. e4 c5 6. Bxc4 cxd4 7. 0-0 Be7 8. e5 Nfd7 9. Bxe7 Qxe7 10. Qxd4 Nc6 11. Qf4 0-0 12. Nbd2 Rd8 13. Ne4 Nf8 14. Rad1 Rxd1 15. Rxd1 Bd7 16. Nd6 Be8 17. h4 Ng6 18. Qg3 Rd8 19. Rd2 h6 20. h5 Nf8 21. Qf4 a6 22. Bd3 Na7 23. Be4 Bc6 24. Nd4 Bxe4 25. Qxe4 Rd7 26. g4 f6 27. f4 Rc7 28. Rc2 Rxc2 29. Qxc2 fxe5 30. fxe5 Qg5 31. Qe4 Qc1+ 32. Kg2 Qxb2+ 33. Kg3 Nc6 34. Nf3 1/2-1/2

[Event "Oberliga Ost-B 2223"]
[Site "Germany"]
[Date "2023.03.18"]
[Round "10.1"]
[White "Siebarth, Raiko"]
[Black "Khenkin, Igor"]
[Result "0-1"]
[WhiteElo "2319"]
[BlackElo "2499"]
[PlyCount "78"]
[EventDate "2022.09.18"]
[EventType "team-tourn"]
[EventRounds "11"]
[EventCountry "GER"]
[SourceTitle "EXT 2025"]
[Source "ChessBase"]
[SourceDate "2024.10.14"]
[SourceVersion "1"]
[SourceVersionDate "2024.10.14"]
[SourceQuality "1"]
[WhiteTeam "Stadtilm Blau Weiss"]
[BlackTeam "Wiesbaden"]
[WhiteTeamCountry "GER"]
[BlackTeamCountry "GER"]

1. d4 d5 2. Bf4 c5 3. e3 cxd4 4. exd4 Nc6 5. c3 Bf5 6. Nf3 e6 7. Qb3 Qd7 8. Bb5 f6 9. Nbd2 g5 10. Bg3 h5 11. h4 g4 12. Nh2 Nge7 13. Nhf1 Bh6 14. Qa3 a6 15. Nb3 b6 16. Be2 Kf7 17. Nc1 Be4 18. f3 gxf3 19. gxf3 Bc2 20. Bd3 Bxd3 21. Nxd3 Nf5 22. Qb3 Nxg3 23. Nxg3 Qc7 24. Kf2 Na5 25. Qc2 Nc4 26. Nf1 Rag8 27. Re1 Rg6 28. Re2 Rhg8 29. Ke1 Rg1 30. Nf2 Rxh1 31. Nxh1 Qf4 32. Qa4 Qc1+ 33. Kf2 Be3+ 34. Rxe3 Nxe3 35. Qd7+ Kg6 36. Nxe3 Qd2+ 37. Kf1 Qxe3 38. Nf2 Qc1+ 39. Kg2 Kh6+ 0-1

[Event "Oberliga Ost-B 2223"]
[Site "Germany"]
[Date "2023.02.25"]
[Round "8.1"]
[White "Konopka, Michal"]
[Black "Khenkin, Igor"]
[Result "1/2-1/2"]
[WhiteElo "2352"]
[BlackElo "2499"]
[PlyCount "32"]
[EventDate "2022.09.18"]
[EventType "team-tourn"]
[EventRounds "11"]
[EventCountry "GER"]
[SourceTitle "EXT 2025"]
[Source "ChessBase"]
[SourceDate "2024.10.14"]
[SourceVersion "1"]
[SourceVersionDate "2024.10.14"]
[SourceQuality "1"]
[WhiteTeam "Schoeneck"]
[BlackTeam "Wiesbaden"]
[WhiteTeamCountry "GER"]
[BlackTeamCountry "GER"]

1. Nf3 d5 2. g3 Bg4 3. Bg2 e6 4. c4 c6 5. cxd5 Bxf3 6. Bxf3 cxd5 7. 0-0 Nf6 8. d4 Nc6 9. Nc3 Be7 10. e3 0-0 11. Bd2 Rc8 12. Qe2 Ne8 13. Rfd1 Nd6 14. Rac1 Qd7 15. Be1 Rc7 16. Bg2 f5 1/2-1/2

[Event "Oberliga Ost-B 2223"]
[Site "Germany"]
[Date "2022.10.22"]
[Round "2.1"]
[White "Khenkin, Igor"]
[Black "Teske, Henrik"]
[Result "1/2-1/2"]
[WhiteElo "2499"]
[BlackElo "2465"]
[PlyCount "53"]
[EventDate "2022.09.18"]
[EventType "team-tourn"]
[EventRounds "11"]
[EventCountry "GER"]
[SourceTitle "EXT 2025"]
[Source "ChessBase"]
[SourceDate "2024.10.14"]
[SourceVersion "1"]
[SourceVersionDate "2024.10.14"]
[SourceQuality "1"]
[WhiteTeam "Wiesbaden"]
[BlackTeam "Erfurt Empor"]
[WhiteTeamCountry "GER"]
[BlackTeamCountry "GER"]

1. d4 Nf6 2. c4 e6 3. Nf3 b6 4. Nc3 Bb4 5. e3 Bb7 6. Bd3 0-0 7. 0-0 Re8 8. Bd2 d6 9. a3 Bxc3 10. Bxc3 Nbd7 11. b4 e5 12. Nd2 exd4 13. exd4 c5 14. Qc2 cxd4 15. Bxd4 Ne5 16. Bf5 Qc7 17. Rfe1 Qc6 18. Ne4 d5 19. Nxf6+ Qxf6 20. Bxh7+ Kh8 21. Re3 Nf3+ 22. Rxf3 Qxd4 23. Rd1 Qxc4 24. Rxf7 Ba6 25. Bd3 Qxc2 26. Bxc2 Be2 27. Ra1 1/2-1/2

[Event "Bamberg op 4th"]
[Site "Bamberg"]
[Date "2022.07.28"]
[Round "2"]
[White "Berghof, Axel"]
[Black "Khenkin, Igor"]
[Result "0-1"]
[WhiteElo "2174"]
[BlackElo "2504"]
[PlyCount "84"]
[EventDate "2022.07.27"]
[EventType "swiss"]
[EventRounds "9"]
[EventCountry "GER"]
[SourceTitle "EXT 2023"]
[Source "ChessBase"]
[SourceDate "2022.10.05"]
[SourceVersion "1"]
[SourceVersionDate "2022.10.05"]
[SourceQuality "1"]

1. d4 d5 2. c4 dxc4 3. Nc3 c6 4. e4 b5 5. a3 e6 6. Nf3 Nf6 7. e5 Nd5 8. Ne4 h6 9. Bd2 Nd7 10. b3 cxb3 11. Qxb3 a5 12. Rc1 Qb6 13. Bd3 a4 14. Qa2 b4 15. 0-0 b3 16. Qb2 Ba6 17. Ne1 Be7 18. Kh1 0-0 19. f4 c5 20. Rf3 cxd4 21. Bxa6 Qxa6 22. Qxd4 Bxa3 23. Ra1 b2 24. Rb1 Rac8 25. Rxa3 Rc4 26. Qf2 Rxe4 27. Nd3 Rb8 28. f5 Rb3 29. Rxb3 axb3 30. Nxb2 Qe2 31. Qxe2 Rxe2 32. fxe6 fxe6 33. Nc4 Nxe5 34. Nxe5 Rxd2 35. Nf3 Rd3 36. Kg1 Nc3 37. Rb2 Na4 38. Rb1 Nc3 39. Rb2 Na4 40. Rb1 b2 41. Kf1 Rc3 42. Nd2 Rc2 0-1

[Event "Bundesliga 2122"]
[Site "Germany"]
[Date "2022.05.15"]
[Round "8.2"]
[White "Efimenko, Zahar"]
[Black "Khenkin, Igor"]
[Result "1/2-1/2"]
[WhiteElo "2597"]
[BlackElo "2509"]
[PlyCount "86"]
[EventDate "2022.03.05"]
[EventType "team-tourn"]
[EventRounds "15"]
[EventCountry "GER"]
[SourceTitle "EXT 2023"]
[Source "ChessBase"]
[SourceDate "2022.10.05"]
[SourceVersion "1"]
[SourceVersionDate "2022.10.05"]
[SourceQuality "1"]
[WhiteTeam "Werder Bremen"]
[BlackTeam "Kiel Turm"]
[WhiteTeamCountry "GER"]
[BlackTeamCountry "GER"]

1. e4 c6 2. d4 d5 3. exd5 cxd5 4. Bd3 Nc6 5. c3 Nf6 6. Bf4 Bg4 7. Qb3 Qd7 8. Nd2 e6 9. Ngf3 Bd6 10. Bxd6 Qxd6 11. 0-0 0-0 12. Rae1 Bxf3 13. Nxf3 Qc7 14. Qc2 h6 15. Qe2 Rab8 16. a3 Rfe8 17. Ne5 Nxe5 18. dxe5 Nd7 19. f4 Nc5 20. Bb1 Qb6 21. Kh1 Qa6 22. Qf2 Ne4 23. Bxe4 dxe4 24. Rxe4 Rbd8 25. h3 Rd5 26. Qe2 Qxe2 27. Rxe2 Rd3 28. Kh2 Red8 29. Rff2 g6 30. g4 Kg7 31. h4 a6 32. h5 gxh5 33. gxh5 R8d5 34. Kg2 f6 35. Rf3 Rd2 36. Rfe3 Rxe2+ 37. Rxe2 Rd3 38. a4 Kf7 39. Kf2 fxe5 40. Rxe5 Rd2+ 41. Re2 Rd5 42. Re5 Rd2+ 43. Re2 Rd5 1/2-1/2

[Event "Bundesliga 2122"]
[Site "Germany"]
[Date "2022.04.30"]
[Round "5.3"]
[White "Khenkin, Igor"]
[Black "Harikrishna, Pentala"]
[Result "0-1"]
[WhiteElo "2509"]
[BlackElo "2716"]
[PlyCount "52"]
[EventDate "2022.03.05"]
[EventType "team-tourn"]
[EventRounds "15"]
[EventCountry "GER"]
[SourceTitle "EXT 2023"]
[Source "ChessBase"]
[SourceDate "2022.10.05"]
[SourceVersion "1"]
[SourceVersionDate "2022.10.05"]
[SourceQuality "1"]
[WhiteTeam "Kiel Turm"]
[BlackTeam "Solingen"]
[WhiteTeamCountry "GER"]
[BlackTeamCountry "GER"]

1. d4 Nf6 2. c4 e6 3. Nf3 d5 4. e3 Nbd7 5. Nbd2 c5 6. b3 b6 7. Bb2 Bb7 8. Bd3 dxc4 9. bxc4 Qc7 10. 0-0 Bd6 11. a4 0-0 12. a5 cxd4 13. exd4 e5 14. axb6 axb6 15. d5 Nc5 16. Qc2 Rae8 17. Rfe1 b5 18. cxb5 e4 19. Nxe4 Ncxe4 20. Qxc7 Bxc7 21. Bxe4 Rxe4 22. Bxf6 Rxe1+ 23. Rxe1 gxf6 24. b6 Bxb6 25. Rb1 Ra8 26. h3 Bc7 0-1

[Event "Bundesliga 2122"]
[Site "Germany"]
[Date "2022.04.09"]
[Round "3.5"]
[White "Mueller, Nick"]
[Black "Khenkin, Igor"]
[Result "1/2-1/2"]
[WhiteElo "2375"]
[BlackElo "2509"]
[PlyCount "53"]
[EventDate "2022.03.05"]
[EventType "team-tourn"]
[EventRounds "15"]
[EventCountry "GER"]
[SourceTitle "EXT 2023"]
[Source "ChessBase"]
[SourceDate "2022.10.05"]
[SourceVersion "1"]
[SourceVersionDate "2022.10.05"]
[SourceQuality "1"]
[WhiteTeam "Koenig Tegel"]
[BlackTeam "Kiel Turm"]
[WhiteTeamCountry "GER"]
[BlackTeamCountry "GER"]

1. d4 d5 2. Nf3 c6 3. Bf4 Bf5 4. e3 e6 5. c4 Bd6 6. Bg3 Bxg3 7. hxg3 Nd7 8. Nc3 h6 9. Bd3 Bxd3 10. Qxd3 Ngf6 11. b4 Qe7 12. Rb1 0-0 13. 0-0 dxc4 14. Qxc4 e5 15. dxe5 Nxe5 16. Qc5 Rfe8 17. Rfd1 Nxf3+ 18. gxf3 Qxc5 19. bxc5 Re5 20. Rxb7 Rxc5 21. Ne4 Nxe4 22. fxe4 Re5 23. Rdd7 Rf8 24. f3 a5 25. a4 g5 26. g4 h5 27. gxh5 1/2-1/2

[Event "Bundesliga 2122"]
[Site "Germany"]
[Date "2022.03.06"]
[Round "2.3"]
[White "Khenkin, Igor"]
[Black "Orlov, Andrey"]
[Result "1/2-1/2"]
[WhiteElo "2509"]
[BlackElo "2491"]
[PlyCount "67"]
[EventDate "2022.03.05"]
[EventType "team-tourn"]
[EventRounds "15"]
[EventCountry "GER"]
[SourceTitle "EXT 2023"]
[Source "ChessBase"]
[SourceDate "2022.10.05"]
[SourceVersion "1"]
[SourceVersionDate "2022.10.05"]
[SourceQuality "1"]
[WhiteTeam "Kiel Turm"]
[BlackTeam "Duesseldorf"]
[WhiteTeamCountry "GER"]
[BlackTeamCountry "GER"]

1. d4 Nf6 2. c4 e6 3. Nf3 d5 4. Nc3 Bb4 5. Bg5 h6 6. Bxf6 Qxf6 7. Qb3 c5 8. cxd5 exd5 9. e3 0-0 10. dxc5 Bxc3+ 11. Qxc3 Qxc3+ 12. bxc3 Nd7 13. Rd1 Nf6 14. Nd4 Bd7 15. f3 Rfc8 16. Nb3 Kf8 17. Kd2 Ba4 18. Rb1 Bxb3 19. axb3 Rxc5 20. Ra1 a6 21. Bd3 Rac8 22. Rhc1 h5 23. b4 R5c6 24. Ra5 Ke7 25. b5 Rc5 26. Rca1 Rxc3 27. bxa6 bxa6 28. Rxa6 R8c7 29. Ra7 R3c5 30. R1a6 g6 31. Rxc7+ Rxc7 32. Bb1 Rb7 33. Bc2 Ne8 34. Ra5 1/2-1/2

[Event "Bundesliga 1920"]
[Site "Germany"]
[Date "2021.10.16"]
[Round "14.2"]
[White "Khenkin, Igor"]
[Black "Schroeder, Jan Christian"]
[Result "1/2-1/2"]
[WhiteElo "2545"]
[BlackElo "2568"]
[PlyCount "71"]
[EventDate "2019.11.23"]
[EventType "team-tourn"]
[EventRounds "15"]
[EventCountry "GER"]
[SourceTitle "EXT 2022"]
[Source "ChessBase"]
[SourceDate "2021.10.06"]
[SourceVersion "1"]
[SourceVersionDate "2021.10.06"]
[SourceQuality "1"]
[WhiteTeam "Kiel Turm"]
[BlackTeam "Berlin SF"]
[WhiteTeamCountry "GER"]
[BlackTeamCountry "GER"]

1. d4 Nf6 2. c4 g6 3. Nc3 Bg7 4. e4 d6 5. Be2 0-0 6. Nf3 e5 7. dxe5 dxe5 8. Qxd8 Rxd8 9. Bg5 Re8 10. Nd5 Nxd5 11. cxd5 c6 12. Bc4 cxd5 13. Bxd5 Nd7 14. Nd2 Nc5 15. Nc4 Bf8 16. 0-0-0 Be6 17. Rhe1 Rac8 18. Kb1 Bxd5 19. exd5 f6 20. Be3 b6 21. f3 Kf7 22. Re2 h5 23. Rc2 Red8 24. b3 Na6 25. a4 Rc7 26. d6 Rb7 27. Rcd2 Ke6 28. Rd5 Nb4 29. Rb5 Nc6 30. a5 Bxd6 31. axb6 axb6 32. Rxb6 Rxb6 33. Bxb6 Bc7 34. Rxd8 Bxd8 35. Bxd8 Nxd8 36. Kc2 1/2-1/2